Statistiques concernant Grille de mots mini #5

Cliquez ici pour prendre le quiz!

Statistiques générales

  • Ce quiz a été pris 79 fois
  • Le résultat moyen est 23 sur 25

Statistiques - réponses

Place de la lettreRéponses% Correct
1 AS
96%
3 ES
96%
2 EA
95%
4 EE
95%
1 ER
95%
3 AR
95%
5 ES
95%
1 BA
93%
5 AE
93%
2 AE
93%
3 DI
93%
3 BO
93%
3 CT
93%
5 BT
93%
5 DE
92%
1 DE
92%
4 AP
92%
5 CR
92%
4 DS
92%
2 CA
90%
2 DL
90%
1 CP
90%
2 BT
90%
4 BU
90%
4 CI
89%

Distribution des résultats

Percentile par nombre de réponses

% des personnes avec chaque résultat

Votre développement - résultats

Vous n’avez pas pris ce quiz